File Management System (Record no. 670)

MARC details
000 -LEADER
fixed length control field 00340nam a2200157Ia 4500
008 - FIXED-LENGTH DATA ELEMENTS--GENERAL INFORMATION
fixed length control field 221030s9999 xx 000 0 und d
041 ## - LANGUAGE CODE
Language code of text/sound track or separate title
082 ## - DEWEY DECIMAL CLASSIFICATION NUMBER
Classification number 105.23
100 ## - MAIN ENTRY--AUTHOR NAME
Personal name Rahul Sharma/239
245 #0 - TITLE STATEMENT
Title File Management System
250 ## - EDITION STATEMENT
Edition statement 2001
260 ## - PUBLICATION, DISTRIBUTION, ETC. (IMPRINT)
Place of publication Jammu
Year of publication 2001
300 ## - PHYSICAL DESCRIPTION
Number of Pages 2001
650 ## - SUBJECT ADDED ENTRY--TOPICAL TERM
Topical Term Computers
942 ## - ADDED ENTRY ELEMENTS (KOHA)
Koha item type Thesis
Holdings
Accession Number Full call number Price effective from Koha item type Withdrawn / writtenoff status Materials specified (bound volume or other part) Damaged status Not for loan Permanent Location Current Location Shelving location Date acquired Lost/ Missing status department
MPR-21 105.23 10/30/2022 Thesis   Print     MIET Library, Jammu MIET Library, Jammu BL-Academic Block-b, FL-2, CUP-0, SH-0, R-0 06/13/2007